Business Finance (Record no. 80741)
[ view plain ]
| 000 -LEADER | |
|---|---|
| fixed length control field | 00825nam a22002537a 4500 |
| 005 - DATE AND TIME OF LATEST TRANSACTION | |
| control field | 20240723174013.0 |
| 040 ## - CATALOGING SOURCE | |
| Transcribing agency | urs |
| 050 ## - LIBRARY OF CONGRESS CALL NUMBER | |
| Classification number | HG 4026 B87 2017 |
| 100 ## - MAIN ENTRY--PERSONAL NAME | |
| Personal name | Gitman, Lawrence J. |
| Relator term | author |
| 245 ## - TITLE STATEMENT | |
| Title | Business Finance |
| Statement of responsibility, etc | Lawrence J. Gitman, Michael D. Joehnk, Randall S. Billingsley, Dr. Scott Besley, Dr. Eugene F. Brigham |
| 250 ## - EDITION STATEMENT | |
| Edition statement | Philippine Edition |
| 260 ## - PUBLICATION, DISTRIBUTION, ETC. (IMPRINT) | |
| Place of publication, distribution, etc | Valenzuela |
| Name of publisher, distributor, etc | JO-ES Publishing House, Inc. |
| Date of publication, distribution, etc | 2017 |
| 300 ## - PHYSICAL DESCRIPTION | |
| Extent | 286 pages |
| 336 ## - CONTENT TYPE | |
| Source | rdacontent |
| Content type term | text |
| Content type code | txt |
| 337 ## - MEDIA TYPE | |
| Source | rdamedia |
| Media type term | unmediated |
| Media type code | n |
| 338 ## - CARRIER TYPE | |
| Source | rdacarrier |
| Carrier type term | volume |
| Carrier type code | nc |
| 650 ## - SUBJECT ADDED ENTRY--TOPICAL TERM | |
| Source of heading or term | Corporation |
| Form subdivision | Finance |
| 650 ## - SUBJECT ADDED ENTRY--TOPICAL TERM | |
| Source of heading or term | Finance, Personal |
| 700 ## - ADDED ENTRY--PERSONAL NAME | |
| Personal name | Michael D. Joehnk |
| 700 ## - ADDED ENTRY--PERSONAL NAME | |
| Personal name | Billingsley, Randall S. |
| Relator term | author |
| 700 ## - ADDED ENTRY--PERSONAL NAME | |
| Personal name | Dr. Besley, Scott |
| Relator term | author |
| 700 ## - ADDED ENTRY--PERSONAL NAME | |
| Personal name | Dr. Brigham, Eugene F. |
| Relator term | author |
| 942 ## - ADDED ENTRY ELEMENTS (KOHA) | |
| Source of classification or shelving scheme | Library of Congress Classification |
| Koha item type | Books |
| Withdrawn status | Lost status | Source of classification or shelving scheme | Damaged status | Not for loan | Home library | Current library | Date acquired | Total Checkouts | Full call number | Barcode | Date last seen | Price effective from | Koha item type |
|---|---|---|---|---|---|---|---|---|---|---|---|---|---|
| Library of Congress Classification | Binangonan College Library | Binangonan College Library | 07/23/2024 | HG 4026 B87 2017 | URSBIN-FR3029 | 07/23/2024 | 07/23/2024 | Books |